Prínos pripravovaného projektu botelu na Dunaji - Bratislava Staré mesto pre cestovný ruch (ubytovanie, reštaurácia, diskotéka) diplomová práca

Gespeichert in:
Bibliographische Detailangaben
1. Verfasser: Ráž, Štefan
Körperschaft: Obchodná fakulta EU. Katedra služieb a cestovného ruchu - zrušené
Weitere Verfasser: Trefil, Peter
Format: Buch
Sprache:Slowakisch
Veröffentlicht: Bratislava 2008
Tags: Tag hinzufügen
Keine Tags, Fügen Sie das erste Tag hinzu!

MARC

LEADER 00000nam$a2200000$$$4500
001 0088003
005 20240201120135.7
041 0 |a slo 
044 |a SK 
245 1 0 |a Prínos pripravovaného projektu botelu na Dunaji - Bratislava Staré mesto pre cestovný ruch (ubytovanie, reštaurácia, diskotéka)  |b diplomová práca  |c Štefan Ráž ; škol. Peter Trefil 
264 1 |a Bratislava  |c 2008 
300 |a 74 s. 
100 1 |a Ráž, Štefan 
700 1 |a Trefil, Peter 
710 2 |a Obchodná fakulta EU. Katedra služieb a cestovného ruchu - zrušené